000
00196 a2200097 4500
020
_a
9780942364156
041
_a
eng
100
_a
David Werner
245
_a
Where There is no doctor
942
_c
BK
999
_c
30062
_d
30060